Central Library OPAC University of Rajshahi

Photoconductivity of solids / (Record no. 9126)

MARC details
000 -LEADER
fixed length control field 00660cam a2200241 4500
001 - CONTROL NUMBER
control field 9126
003 - CONTROL NUMBER IDENTIFIER
rucl marc code BD-RjUL
005 - DATE AND TIME OF LATEST TRANSACTION
control field 20211208234724.0
008 - FIXED-LENGTH DATA ELEMENTS--GENERAL INFORMATION
fixed length control field 140120r19671960us a 001 0 eng d
035 ## - SYSTEM CONTROL NUMBER
System control number (BD-RjUL)9171
040 ## - CATALOGING SOURCE
Original cataloging agency BD-RjUL
Language of cataloging eng
Transcribing agency BD-RjUL
041 ## - LANGUAGE CODE
Language code of text/sound track or separate title eng
082 04 - DEWEY DECIMAL CLASSIFICATION NUMBER
Edition number 16
Classification number 537.54
Author mark and year BUP 1967
100 1# - MAIN ENTRY--PERSONAL NAME
Personal name Bube, Richard H.,
Dates associated with a name 1927-
9 (RLIN) 26993
245 10 - TITLE STATEMENT
Title Photoconductivity of solids /
Statement of responsibility, etc. Richard H. Bube
260 ## - PUBLICATION, DISTRIBUTION, ETC. (IMPRINT)
Place of publication, distribution, etc. New York :
Name of publisher, distributor, etc. Wiley,
Date of publication, distribution, etc. c1960 [printing 1967].
300 ## - PHYSICAL DESCRIPTION
Pagination 461 p :
Illustrations illus ;
Size 24 cm
504 ## - BIBLIOGRAPHY, ETC. NOTE
Bibliography, etc Includes index.
650 #0 - SUBJECT ADDED ENTRY--TOPICAL TERM
Topical term or geographic name as entry element Photoconductivity
9 (RLIN) 28276
942 ## - ADDED ENTRY ELEMENTS (KOHA)
Source of classification or shelving scheme Dewey Decimal Classification
Koha item type Books
Holdings
Lost status Source of classification or shelving scheme Damaged status Not for loan Collection code Permanent Location Current Location Shelving location Date acquired Source of acquisition Cost, normal purchase price Total Checkouts Full call number Date last seen Copy number Koha item type
  Dewey Decimal Classification     Non-fiction Central Library, University of Rajshahi Central Library, University of Rajshahi   30/05/1970 Zeitlinger 0.00   537.54 BUP 1967 20/01/2014 C-2 Books
  Dewey Decimal Classification   Not For Loan Non-fiction Central Library, University of Rajshahi Central Library, University of Rajshahi Reading Room 05/04/1968 Zeitlinger 156.00   537.54 BUP 1967 09/05/2017 C-1 Books